00582nam a2200193Ia 4500003000900000008004100009020001900050040001600069080001600085100002200101245008800123260003800211300001500249650004000264650002400304650002500328650001600353650001900369IN-BaIIA211028s9999 xx 000 0 eng d a978-0471686842 cIIA Library a621.38bPHI aPhillips, Leon F. 0aElectronics for experimenters in chemistry, physics and biologycLeon F. Phillips  aNew YorkbJohn Wiley & Sonsc1966 axii, 266p. aElectronic apparatus and appliances aElectronic circuits aElectronic equipment aElectronics aNASA Thesaurus